000 01319nam a2200373 a 4500
999 _c2725
_d2725
001 3101690
003 GZU
005 20210513150846.0
008 990415s1998 rh a b 001 0 eng
010 _a 98982717
020 _a1779050429
040 _aDLC
_cDLC
042 _alcode
043 _af-rh---
050 0 0 _aJQ2925.
_bM 1998
100 1 _aMakumbe, John Mw.
245 0 0 _aDevelopment and democracy in Zimbabwe /
_cJohn Mw. Makumbe.
246 1 4 _aDemocracy and development in Zimbabwe
260 _aHarare :
_bSAPES Books,
_c1998.
300 _a96 p. :
_bill. ;
_c21 cm.
490 1 _aPublic policy series
500 _a"SAPES Trust"--P. [4] of cover.
500 _a"Southern Africa Regional Institute for Policy Studies"-- Ser. t.p.
504 _aIncludes bibliographical references (p. [88]-93) and indexes.
650 0 _aDecentralization in government
_zZimbabwe.
650 0 _aDemocracy
_zZimbabwe.
650 0 _aCommunity development
_zZimbabwe.
710 2 _aSAPES Trust.
710 2 _aSouthern Africa Regional Institute for Policy Studies.
830 0 _aPublic policy series (Harare, Zimbabwe)
906 _a7
_bcbc
_corigode
_d3
_encip
_f19
_gy-gencatlg
942 _2lcc
_cBK
_h2925
_iMAK
_kJQ
_m1998